Представление документа в формате MARC21

Поле Инд. ПП Название Значение
Тип записи a
Библиографический уровень m
001 Контрольный номер 1a1b08cc-d83d-4f11-ba03-3c2570692478
005 Дата корректировки 20140703142304.1
008 Кодируемые данные 020522
020 c Цена, тираж б/ц
040 a Служба первич. каталог. НБ ТвГУ
041 a Код языка текста rus
080 a Индекс УДК 811.112.2'367.4(043.3)
084 a Индекс другой классификации/Индекс ББК Ш143.24-221я031
090 a Полочн. индекс Ш143.24
x Авторский знак Л33
100 1_ a Автор Лебедевский Анатолий Сергеевич
245 10 a Заглавие Связанная аппозиция в современном немецком языке
b Продолж. заглавия автореф. дис. ... канд. филол. наук : 10.02.04
c Ответственность М-во высш. и сред. спец. образования РСФСР ; Калинин. гос. ун-т
260 0_ a Место издания Калинин
b Издательство КГУ
c Дата издания 1972
300 a Объем 31, [1] с.
500 a Примечание На правах рукоп.
504 a Библиография Библиогр.: с. 31 и в подстроч. примеч.
583 a Действие Получение впервые 42 10.02.2006
650 a Основная рубрика Немецкий язык
x Основная подрубрика Синтаксис
x Основная подрубрика Словосочетание
653 a Ключевые слова Авторефераты
a Ключевые слова Аппозиционные словосочетания
a Ключевые слова Немецкие словосочетания
a Ключевые слова Немецкий язык
a Ключевые слова Синтаксис немецкого языка
a Ключевые слова Словосочетания
a Ключевые слова Субстантивные словосочетания
852 t Порядковый номер экземпляра 2
p Инвентарный номер б/н
888 a Бесплатные
930 a Новая/Ретро авторефераты
952 p 42.2006 б/ц 2 б/н
c Вид литературы А/Р н
954 a Дата поступления на обработку 20060215
999 a Подразделение 2 ч.з.